00519nam a22002057a 450000500170000001000130001702000100003003500130004003700160005304000120006908200110008110000220009224500370011426000370015127000400018830000210022865000310024965000300028070000030031020170124110102.0 aA-382096 c00.00 aA-382096 bCen Lib/Ret aDPLbEN aNbTAS aTasneem, Niranjan aShadows /cby Niranjan Tasneem aLudhianabGagan Publishersc1989 aDr.Gujjarmal RoadbLudhianae141008 a144p. c20cm(Hb) aShades and shadowszAfrica aChildren's poetry, French